000
00407pam a2200121a 44500
008
230405s1998 xxu||||| |||| 00| 0 eng d
041
_a
MAR
100
_a
डॉ सौ मंदाकिनी प्रभाकर सगदेव
245
_a
माडखोलकरी कादंबरी
260
_a
नागपूर
_b
विजय प्रकाशन
_c
1998
300
_a
290
906
_a
4202
999
_c
295545
_d
295545